Mystery Taylor Swift Song #89 - Statistics

General Stats
  • This quiz has been taken 306 times
  • The average score is 91 of 134
Answer Stats
Song % Correct
I
96%
a
94%
you
94%
the
93%
And
90%
me
90%
Midnights
90%
in
89%
it
88%
(it
88%
my
88%
no
88%
on
88%
we
88%
"Your
88%
your
88%
was
87%
when
87%
When
87%
so
85%
were
85%
that
84%
to
84%
of
83%
with
80%
us
78%
how"
77%
how
77%
Maroon
77%
maroon
77%
(maroon)
77%
maroon)
77%
one
77%
up
77%
Cause
76%
now
76%
did
75%
Like
75%
scarlet
75%
time
75%
at
74%
that's
74%
New
73%
say
73%
came
72%
into
72%
shoes
72%
T-shirt
72%
York
72%
end
71%
what
71%
dancin'
70%
saw
70%
wine
70%
every
69%
home
69%
see
69%
splashed
69%
they
69%
again
68%
again?
68%
blood
68%
day
68%
lips
68%
sky
68%
used
68%
burgundy
67%
call
67%
lost
67%
between
66%
cheeks
66%
hell
66%
rushed
66%
track
66%
friend
65%
had
65%
morning
65%
off
65%
rosé
65%
rust
65%
telephones
65%
floor
64%
Looked
64%
roommate's
64%
collarbone
63%
grew
63%
always
62%
anyway?"
62%
closest
62%
mark
62%
over
62%
real
62%
way
62%
hands
61%
head
61%
feet
60%
"How'd
60%
legacy
60%
lose
60%
ass
59%
cheap
59%
fucking
59%
Ain't
58%
lap
58%
cleaning
57%
Laughing
57%
leave
57%
sight
57%
thought
57%
top
57%
memory
56%
shelf
55%
shit
55%
ends?
54%
gave
54%
screw
54%
chose
53%
standin'
53%
hallway
52%
roses
52%
vinyl
52%
incense
50%
feel
49%
wake
49%
blind
48%
hazy
48%
Carnations
47%
hollow
46%
matter
46%
eyed
43%
shaking
43%
silence
43%
rubies
42%
Sobbin'
39%
No matching quizzes found
Score Distribution
Percent of People with Each Score
Percentile by Number Answered
Your Score History
You have not taken this quiz